000 00406nam a22001817a 4500
003 OSt
005 20250401142832.0
008 250401b |||||||| |||| 00| 0 eng d
020 _a9789393050823
082 _a8H3
_bPREP
100 _aPremchand
245 _aPrem manjusha
260 _aGurugram
_bLexicon Books
300 _a206p.
546 _aEnglish
651 _aHindi Fiction
942 _2ddc
_cBK
999 _c3746
_d3746